Á lódáil...

അഷിതോര്‍മ്മ /

Sonraí Bibleagrafaíochta
Údair Eile: Sreekumar, N. (Eagarthóir)
Formáid: Printed Book
Teanga:English
Foilsithe: കോഴിക്കോട് : മാതൃഭൂമി ബുക്സ്, 2019.
Eagrán:1st ed.
Ábhair:
LEADER 00699 a2200169 4500
008 200924b xxu||||| |||| 00| 0 eng d
999 |c 28771  |d 28771 
020 |a 9788182679191 
082 |a 928.9143  |b ASH/SRE 
245 |a അഷിതോര്‍മ്മ /  |c എഡി: എന്‍. ശ്രീകുമാര്‍ 
250 |a 1st ed. 
260 |a കോഴിക്കോട് :  |b മാതൃഭൂമി ബുക്സ്,  |c 2019. 
300 |a 134p. 
650 |a Memoir 
700 |a Sreekumar, N.  |e editor. 
942 |2 ddc  |c BK 
952 |0 0  |1 0  |2 ddc  |4 0  |6 928_914300000000000_ASH_SRE  |7 0  |9 39585  |a MAIN  |b MAIN  |d 2020-07-02  |e Mathrubhumi Books  |g 150.00  |o 928.9143 ASH/SRE  |p 38388  |r 2020-07-02  |t 1  |v 0.00  |w 2020-07-02  |y BK